| 000 | 00665nam a2200217 u 4500 | ||
|---|---|---|---|
| 005 | 20240924071234.0 | ||
| 008 | 080606s2004 r 000 0 eng d | ||
| 020 | _a8420543357 | ||
| 035 | _aUPN01000156634 | ||
| 049 | _aI | ||
| 050 | 4 |
_aPZ71 _bV5.6 |
|
| 100 | 1 |
_aVillar Liébana, Luisa _931918 |
|
| 245 | 1 | 3 |
_aLa primavera Ester / _cLuisa Villar Liébana ; il. Albertoyos. |
| 260 |
_aMadrid : _bPearson Educación, _c2004. |
||
| 300 |
_a[24] p. : _bprincipalmente il. col. |
||
| 440 | 0 | _aCuentos cuentos | |
| 650 | 4 |
_aLiteratura infantil _94445 |
|
| 650 | 4 |
_aPRIMAVERA - _vLITERATURA INFANTIL _911127 |
|
| 700 | 1 |
_aHoyos, Alberto de, _eil. |
|
| 905 | _aInfantil | ||
| 999 |
_c128748 _d128748 |
||